zpět

Detail výsledku týmu

Bounty Rock Cafe, Olomouc

Datum a čas kvízu

36.5 Celkem bodů Celkový počet nahraných bodů na tomto kvízu bez doplňovacích otázek.
7. Pořadí na kvízu Konečné umístění týmu na tomto kvízu.

Zaznamenané odpovědi

# Otázka Odpověď Body Výsledky
1. Hnutí ANO hrozí pokuta kvůli n... Pojď do mě! 0
2. Velká Británie minulý týden de... po 47 letech (42–52) 1
3. Plzeňská kapela Mandrage v sob... Vít Starý 1
4. V pátek vstoupilo v platnost o... zákaz předjíždění pro kamiony 0
5. Reprezentační útočník Michael... Bruggy 0
6. Co všechno může být ztracené?... Jantarová komnata 1
7. Vzpomenete si na seriál Ztrace... lední medvěd 0
8. "Ne každé zlato třpytívá se, n... Bilbo Pytlík 1
9. V seznamu 100 nejdůležitějších... Hledání ztraceného času 1
10. Jako Zázrak v Andách se někdy... ragby 1